logo

Bir Sreshtho Munshi Abdur Rouf Library
Jhenaidah Cadet College

ব্রেকিং ডন / (Record no. 1280)

MARC details
000 -LEADER
fixed length control field 00841nam a2200253 4500
001 - CONTROL NUMBER
JCCL Control Number 1280
003 - CONTROL NUMBER IDENTIFIER
JCCL marc code BD-JhCC
005 - DATE AND TIME OF LATEST TRANSACTION
control field 20171022124332.0
008 - FIXED-LENGTH DATA ELEMENTS--GENERAL INFORMATION
fixed length control field 171017s2010 bg |||| |||| 000 0 ben d
020 ## - INTERNATIONAL STANDARD BOOK NUMBER
International Standard Book Number 9847011201153
035 ## - SYSTEM CONTROL NUMBER
system control number (BD-JhCC) 1280
040 ## - CATALOGING SOURCE
Original cataloging agency BD-JhCC
Modifying agency BD-JhCC
041 ## - LANGUAGE CODE
Language code of Book ben
082 ## - DEWEY DECIMAL CLASSIFICATION NUMBER
Classification number 823
Author mark and Year MEA 2010
100 ## - MAIN ENTRY--PERSONAL NAME
Personal name মেয়ার, স্টেফিন
245 ## - TITLE STATEMENT
Title ব্রেকিং ডন /
Statement of responsibility, etc স্টেফিন মেয়ার, ; বশীর বারহান, তাহমিনা সানি (অনু.)
260 ## - PUBLICATION, DISTRIBUTION, ETC. (IMPRINT)
Place of publication, distribution, etc ঢাকা
Name of publisher, distributor, etc ঝিনুক প্রকাশনী
Date of publication, distribution, etc 2010
300 ## - PHYSICAL DESCRIPTION
Pagination 415 p. :
Dimensions 21 cm.
650 ## - SUBJECT ADDED ENTRY--TOPICAL TERM
Topical term or geographic name as entry element English Fiction
700 ## - ADDED ENTRY--PERSONAL NAME
Personal name বারহান, বশীর
700 ## - ADDED ENTRY--PERSONAL NAME
Personal name সানি, তাহমিনা
942 ## - ADDED ENTRY ELEMENTS (KOHA)
Source of classification or shelving scheme Dewey Decimal Classification
Koha item type Books
Holdings
Source of classification or shelving scheme Damaged status Not for loan Home library Current library Shelving location Date of accession Cost, normal purchase price Total Checkouts Full call number Barcode Date last seen Date checked out Copy number Koha item type
Dewey Decimal Classification     JCC Rouf Library JCC Rouf Library General Stacks 10/17/2017 375.00 1 823 MEA 2010 1800 07/11/2019 06/27/2019 C-1 Books

JCC Library | Contacts | JCC Home

Last Update on 23 September 2017
Copyright @ 2017-2020 JCC Rouf Library
Rouf Library, Jhenidah Cadet College (JCC), Bangladesh